Countries within 500km of Albania - Statistics

General Stats
  • This quiz has been taken 65 times
  • The average score is 13 of 13
Answers on the Map
Answers color-coded by a green-red scale on the quiz's map according to % correct below.
 
Answer Stats
Answer % Correct
Italy
100%
Greece
98%
Hungary
98%
Romania
98%
Slovenia
98%
Bosnia and Herzegovina
97%
Bulgaria
97%
Croatia
97%
Kosovo
97%
Montenegro
97%
North Macedonia
97%
Serbia
97%
Turkiye
88%
No matching quizzes found
Score Distribution
Percent of People with Each Score
Percentile by Number Answered
Your Score History
You have not taken this quiz